The L Word Characters - Statistiques

Statistiques générales
  • Ce quiz a été pris 38 fois
  • Le résultat moyen est 10 sur 12
Statistiques - réponses
Par images Réponse % Correct
Shane
100%
Bette
96%
Jenny
96%
Tina
96%
Dana
93%
Alice
89%
Helena
86%
Marina
86%
Kit
82%
Carmen
79%
Max
68%
Tasha
68%
Aucun quiz correspondant
Distribution des résultats
% des personnes avec chaque résultat
Percentile par nombre de réponses
Votre historique - résultats
Vous n’avez pas pris ce quiz